|
|
|
|
| LEADER |
01649Nim a22003974a 4500 |
| 001 |
7738 |
| 003 |
BD-DhAAL |
| 005 |
20150811144824.0 |
| 007 |
sd fsngnnmmned |
| 008 |
150811s2003 nyunnn f| eng |
| 010 |
|
|
|a 2004568143
|
| 020 |
|
|
|a 051513595X
|
| 020 |
|
|
|a 0743524802
|
| 024 |
1 |
|
|a 9780743524803
|
| 028 |
0 |
2 |
|a 0-7435-2480-2
|b Simon & Schuster
|
| 040 |
|
|
|a DLC
|c DLC
|d DLC
|d BD-DhAAL
|
| 050 |
0 |
0 |
|a SDA 90311
|
| 082 |
|
|
|a 813/.54
|
| 100 |
1 |
|
|a Martini, Steve,
|d 1946-
|9 13637
|
| 245 |
1 |
4 |
|a The arraignment
|h [sound recording] /
|c Steve Martini.
|
| 260 |
|
|
|a New York :
|b Simon & Schuster,
|b Jove Books ,
|c c2003.
|
| 300 |
|
|
|a 5 sound discs (6 hr.) :
|b digital ;
|c 4 3/4 in.
|
| 500 |
|
|
|a Abridged.
|
| 500 |
|
|
|a Compact disc.
|
| 511 |
0 |
|
|a Read by Joe Mantegna.
|
| 520 |
|
|
|a When a fellow attorney is gunned down, Paul Madriani takes on a client who may have been involved in his friend's murder. Conflicted between his duty to his client and the search for the truth, Madriani sets off on a dangerous quest that takes him from California to the jungles of Mexico and the ancient cultures of the Yucatan.
|
| 541 |
|
|
|e 7738
|
| 650 |
|
0 |
|a Madriani, Paul (Fictitious character)
|v Fiction.
|9 13638
|
| 650 |
|
0 |
|a Attorney and client
|v Fiction.
|9 12967
|
| 651 |
|
0 |
|a California
|v Fiction.
|9 5880
|
| 651 |
|
0 |
|a Mexico
|v Fiction.
|9 13639
|
| 651 |
|
0 |
|a Guatemala
|v Fiction.
|9 13640
|
| 700 |
1 |
|
|a Mantegna, Joe.
|4 nrt
|9 13641
|
| 942 |
|
|
|2 ddc
|c BK
|
| 999 |
|
|
|c 35197
|d 35197
|
| 952 |
|
|
|0 0
|1 0
|2 ddc
|4 0
|6 813_540000000000000_MAR
|7 0
|9 55179
|a SCL
|b SCL
|c GEN
|d 2015-08-11
|e Gift
|l 6
|m 22
|o 813.54 MAR
|p 3020007738
|r 2018-07-11
|s 2018-06-25
|t 1
|w 2015-08-11
|y BK
|